Customer-centric project management / (Record no. 355760)

000 -LEADER
fixed length control field 01534cam a2200337 a 4500
001 - CONTROL NUMBER
control field 17293790
003 - CONTROL NUMBER IDENTIFIER
control field USPCAS-E
005 - DATE AND TIME OF LATEST TRANSACTION
control field 20180118181412.0
008 - FIXED-LENGTH DATA ELEMENTS--GENERAL INFORMATION
fixed length control field 120510s2012 enka b 001 0 eng
010 ## - LIBRARY OF CONGRESS CONTROL NUMBER
LC control number 2012018935
020 ## - INTERNATIONAL STANDARD BOOK NUMBER
International Standard Book Number 9781409443124 (pbk. : alk. paper)
020 ## - INTERNATIONAL STANDARD BOOK NUMBER
International Standard Book Number 9781409443131 (ebook)
040 ## - CATALOGING SOURCE
Original cataloging agency DLC
Transcribing agency DLC
Modifying agency DLC
042 ## - AUTHENTICATION CODE
Authentication code pcc
050 00 - LIBRARY OF CONGRESS CALL NUMBER
Classification number HD69.P75
Item number H359 2012
082 00 - DEWEY DECIMAL CLASSIFICATION NUMBER
Classification number 658.404
Edition number 23
Author Mark HAR-C 2012
100 1# - MAIN ENTRY--PERSONAL NAME
Personal name Harrin, Elizabeth.
245 10 - TITLE STATEMENT
Title Customer-centric project management /
Statement of responsibility, etc. Elizabeth Harrin and Phil Peplow.
260 ## - PUBLICATION, DISTRIBUTION, ETC.
Place of publication, distribution, etc. Farnham ;
-- Burlington, VT :
Name of publisher, distributor, etc. Gower,
Date of publication, distribution, etc. c2012.
300 ## - PHYSICAL DESCRIPTION
Extent xiv, 115 p. :
Other physical details ill. ;
Dimensions 24 cm.
490 0# - SERIES STATEMENT
Series statement Advances in project management
502 ## - DISSERTATION NOTE
Dissertation note 0
504 ## - BIBLIOGRAPHY, ETC. NOTE
Bibliography, etc. note Includes bibliographical references (p. [103]-105) and index.
505 0# - FORMATTED CONTENTS NOTE
Formatted contents note Introducing a customer-centric process -- Why customers count -- Why collaborative project management is not enough -- Measuring project performance -- Customer centricity in practice: a case study -- Customer centricity in a project environment -- Refining your customer-centric approach -- Implementing exceed -- Moving forward with customer-centric project management.
650 #0 - SUBJECT ADDED ENTRY--TOPICAL TERM
Topical term or geographic name entry element Project management.
650 #0 - SUBJECT ADDED ENTRY--TOPICAL TERM
Topical term or geographic name entry element Customer relations.
700 1# - ADDED ENTRY--PERSONAL NAME
Personal name Peplow, Phil.
906 ## - LOCAL DATA ELEMENT F, LDF (RLIN)
a 7
b cbc
c orignew
d 1
e ecip
f 20
g y-gencatlg
942 ## - ADDED ENTRY ELEMENTS (KOHA)
Source of classification or shelving scheme
Koha item type Book
Holdings
Withdrawn status Lost status Source of classification or shelving scheme Damaged status Not for loan Collection code Permanent Location Current Location Shelving location Date acquired Source of acquisition Cost, normal purchase price Total Checkouts Full call number Barcode Date last seen Price effective from Koha item type Copy number
            US-Pakistan Center for Advanced Studies in Energy (USPCAS-E) US-Pakistan Center for Advanced Studies in Energy (USPCAS-E)   12/15/2015 Progressive 4266.00   658.404 HAR-C 2012 CAS-E0000903 12/15/2015 12/15/2015 Book  
            US-Pakistan Center for Advanced Studies in Energy (USPCAS-E) US-Pakistan Center for Advanced Studies in Energy (USPCAS-E)   12/15/2015 Progressive 4266.00   658.404 HAR-C 2012 CAS-E0000904 12/15/2015 12/15/2015 Book 2
© 2023 Central Library, National University of Sciences and Technology. All Rights Reserved.